000 00778cam a22002533a 4500
001 22749
003 PGUSA
005 20140828083502.0
008 070924s2007||||xxu|||||s|||||000 | eng d
040 _aPGUSA
_beng
042 _adc
050 4 _aDS
100 1 _aBurn Murdoch, W. G.
_q(William Gordon),
_d1862-1939
245 1 0 _aFrom Edinburgh to India and Burmah
_h[electronic resource] /
_cW. G. Burn Murdoch
260 _bProject Gutenberg,
_c2007
506 _aPublic domain in the USA.
516 _aElectronic text
653 _aBurma -- Description and travel
653 _aIndia -- Description and travel
740 0 _aFrom Edinburgh to India and Burmah
830 0 _aProject Gutenberg
_v22749
856 4 0 _uhttp://www.gutenberg.org/ebooks/22749
942 _cEB
999 _c252004
_d252004